Les personnages de Black Panther: Wakanda Forever - Statistiques

Statistiques générales
  • Ce quiz a été pris 39 fois
  • Le résultat moyen est 8 sur 15
Statistiques - réponses
Réponse % Correct
Shuri
96%
Okoye
91%
Namor
78%
M’baku
74%
Nakia
74%
Ramonda
74%
Toussaint
65%
Namora
35%
Riri Williams/Ironheart
35%
Ayo
30%
N’jadaka/Killmonger
30%
Aneka
22%
Attuma
22%
Everett Ross
17%
Valentina De Fontaine
9%
Aucun quiz correspondant
Distribution des résultats
% des personnes avec chaque résultat
Percentile par nombre de réponses
Votre historique - résultats
Vous n’avez pas pris ce quiz